• 首页
  • 本馆介绍
  • 公告通知
  • 最新文献
  • 馆藏检索
  • 电子资源
  • 读者导购
  • 参考咨询
  • 我的图书馆
  • 登录
  • 详细信息显示
  • 放入我的书架
  • 预约/预借图书
  • 作者相关作品
  • 分类相关作品
  • 丛书相关作品
  • 出版社相关作品

书目信息

  • 表格格式
  • 工作单格式
  • 卡片格式
题名:
思考中国哲学
    
 
作者: 汤一介 著
分册:  
出版信息: 北京   中国人民大学出版社  2016
页数: 434页
开本: 23cm
丛书名:
单 册:
中图分类: B2-53
科图分类:
主题词: 哲学--zhe xue--中国--文集
电子资源:
ISBN: 978-7-300-21913-4
000 00955nam0 22002411 450
001 0102164903
005 20170502164903.0
010    @a978-7-300-21913-4@dCNY69.00
100    @a20160804d2016 em y0chiy50 ea
101 0  @achi
102    @aCN@b110000
105    @ay z 000yy
106    @ar
200 1  @a思考中国哲学@9si kao zhong guo zhe xue@f汤一介著
210    @a北京@c中国人民大学出版社@d2016
215    @a434页@d23cm
300    @a汤一介集
330    @a本书勾勒了作者研究哲学的历程,分析了中国传统哲学的范畴体系等核心问题,提出五四运动以来的文化是在保守主义、自由主义、激进主义三种力量所形成的张力制约下前行,从中国现代哲学的探索与创新角度指明了中国现代哲学未来发展的方向,并提出了“创建中国解释学”的理论构想,最后缅怀了中国现代哲学家对中国学术的贡献。
606 0  @a哲学@9zhe xue@y中国@j文集
690    @aB2-53@v5
701  0 @a汤一介@9tang yi jie@f(1927~2014)@4著
801  0 @aCN@b百万庄@c20170308
905    @b1002358-63@dB2-53@e165@f6
    
    思考中国哲学/汤一介著 .-北京:中国人民大学出版社,2016
    434页;23cm
    汤一介集
    
    ISBN 978-7-300-21913-4:CNY69.00
    本书勾勒了作者研究哲学的历程,分析了中国传统哲学的范畴体系等核心问题,提出五四运动以来的文化是在保守主义、自由主义、激进主义三种力量所形成的张力制约下前行,从中国现代哲学的探索与创新角度指明了中国现代哲学未来发展的方向,并提出了“创建中国解释学”的理论构想,最后缅怀了中国现代哲学家对中国学术的贡献。
●
相关链接 在E读中查询图书 在五车中查询图书 在当当中查询图书 在豆瓣中查询图书


正题名:思考中国哲学     索取号:B2-53/165         预约/预借

序号 登录号 条形码 馆藏地/架位号 状态 备注
1 1002358   210023589   第一样本阅览室/ [索取号:B2-53/165] 在馆    
2 1002359   210023598   教育系资料室/ [索取号:B2-53/165] 在馆    
3 1002360   210023605   教育系资料室/ [索取号:B2-53/165] 在馆    
4 1002361   210023614   教育系资料室/ [索取号:B2-53/165] 在馆    
5 1002362   210023623   第一借阅区/ [索取号:B2-53/165] 在馆    
6 1002363   210023632   第一借阅区/ [索取号:B2-53/165] 在馆    
唐山师范学院图书馆 欢迎您!
大连网信软件有限公司© 版权所有